00290nam a22001097a 4500020002200000082001400022100002500036245004400061260004400105300000800149650002300157 a978-0-19-934717-9 a297.1 SAC aSachedina, Abdulaziz aIalam and the Challenge of Human Rights aNew YarkbOxford University Pressc2014 a248 aIslam 20th Century